| 000 | 01307cam a22003374a 4500 | ||
|---|---|---|---|
| 999 |
_c3864 _d3864 |
||
| 001 | 4522804 | ||
| 003 | GZU | ||
| 005 | 20210310102339.0 | ||
| 008 | 990622s2000 enk b 001 0 eng | ||
| 010 | _a 99036753 | ||
| 020 | _a0521651476 (hbk.) | ||
| 020 | _a0521658225 (pbk.) | ||
| 040 |
_aDLC _cDLC _dDLC |
||
| 042 | _apcc | ||
| 050 | 0 | 0 |
_aP106 _b.CHO 2000 |
| 082 | 0 | 0 |
_a401 _221 |
| 100 | 1 | _aChomsky, Noam. | |
| 245 | 1 | 0 |
_aNew horizons in the study of language and mind / _cNoam Chomsky. |
| 260 |
_aCambridge [England] ; _aNew York : _bCambridge University Press, _c2000. |
||
| 300 |
_axvii, 230 p. ; _c24 cm. |
||
| 504 | _aIncludes bibliographical references (p. 205-213) and index. | ||
| 650 | 0 |
_aLanguage and languages _xPhilosophy. |
|
| 650 | 0 | _aPhilosophy of mind. | |
| 856 | 4 | 1 |
_3Sample text _uhttp://www.loc.gov/catdir/samples/cam032/99036753.html |
| 856 | 4 | 2 |
_3Publisher description _uhttp://www.loc.gov/catdir/description/cam0210/99036753.html |
| 856 | 4 |
_3Table of Contents _uhttp://lcweb.loc.gov/catdir/toc/99036753.html |
|
| 906 |
_a7 _bcbc _corignew _d1 _eocip _f19 _gy-gencatlg |
||
| 942 |
_2lcc _cBK _h106 _iCHO _kP |
||